Fast typing A to Z in order in 15 seconds - Statistics

General Stats
  • This quiz has been taken 504 times
  • The average score is 25 of 26
Answer Stats
Alphabets % Correct
A
100%
B
100%
C
100%
D
100%
E
100%
F
100%
G
100%
H
100%
I
100%
J
99%
K
99%
L
99%
M
99%
N
98%
O
98%
P
98%
Q
98%
R
98%
S
97%
T
97%
U
97%
V
97%
W
96%
X
92%
Y
90%
Z
90%
No matching quizzes found
Score Distribution
Percent of People with Each Score
Percentile by Number Answered
Your Score History
You have not taken this quiz